000 00540nam a22001817a 4500
003 OSt
005 20140310183000.0
008 130208t xxu||||| |||| 00| 0 eng d
050 _aHD 31
_b.Sa237 2005
100 _aSantos, Emmanuel T.
245 _aPractices, concepts and principle of management. /
_cSantos, Emmanuel Tiu
260 _aMakati City :
_b International Academy of Management and Economics,
_c2005.
300 _a313 p. :
_c21 cm.
_bill. col. ;
521 _aBSBA
562 _e1
942 _2lcc
_cBK
_kLOC
999 _c18087
_d18087